Проза Лесі Українки: мистецькі контексти, інтерпритації (Запис № 463686)

МАРК-запис
000 -Лідер
fixed length control field 00916nab a2200241 4500
001 - Контрольний номер
control field 216219547
003 - Ідентифікатор контрольного номера
control field UA-OsUOA
005 - Дата та час останнього входження (трансакції)
control field 20201029111640.0
007 - Фіксоване поле фізичного опису
fixed length control field ta
008 - Елементи даних фіксованої довжини – загальна інформація
fixed length control field 201029c2020 un |||p| |||| 00| c ukr d
040 ## - Джерело каталогізації
Агенція оригінальної каталогізації UA-OsUOA
Мова каталогізації ukr
Агенція, яка здійснювала перезапис UA-OsUOA
Агенція, яка здійснювала модифікацію UA-OsUOA
041 ## - Код мови
Код мови тексту/ звукової доріжки чи окремого заголовка (П) ukr
080 ## - Індекс Універсальної десяткової класифікації
Індекс Універсальної десяткової класифікації (УДК) (НП) 82
090 ## - Локальний шифр розміщення
Класифікаційний індекс УДК 82
Авторський знак (НП) С40
100 ## - Основне введення – ім’я особи
Ім’я особи (НП) Сірук В.
245 ## - Відомості про назву
Назва (НП) Проза Лесі Українки: мистецькі контексти, інтерпритації
Дані про відповідальність (НП) Вікторія Сірук
260 ## - Публікація, розповсюдження і т.п. (Вихідні дані)
Місце публікації, розповсюдження і т.п. (П) К.
Ім’я/ наймення видавництва, розповсюджувача і т.п. (П) ТОВ "Редакція журналу "Довослово"
Дата публікації, розповсюдження і т.п. (П) 2020
300 ## - Фізичний опис
Обсяг С. 52–60.
650 ## - Додаткове предметне введення – тематичний термін
Джерело заголовка чи терміна UDC
Тематичний термін чи географічна назва, як елемент введення (НП) 82 Література. Літературознавство
773 0# - Введення хост-одиниці (П)
Бібліонома 322336
Host Itemnumber 461241
Заголовок основного введення Міністерство освіти і науки України
Місце, видавець та дата видання (НП) К. 2020
Інший ідентифікатор одиниці опису 216219546
Назва (НП) Дивослово
Контрольний номер запису (П) (UA-OsUOA) 36068
Міжнародний стандартний серіальний номер (ISSN) 01305263
Інформація про взаємозв’язок (П) № 10 (763)
942 ## - Додаткові елементи входу (Коха)
Source of classification or shelving scheme Universal Decimal Classification
Тип елемента Koha Стаття періодики
955 ## - Код типу видання за змістом
Код типу видання за змістом (НП) Навчальні видання

Немає доступних примірників.